El sistema de protección del comprador.
Guardat en:
| Autor principal: | |
|---|---|
| Altres autors: | |
| Format: | Llibre |
| Publicat: |
Madrid, España:
Fundación Registral,
2006.
|
| Col·lecció: | Cuadernos de Derecho Registral.
|
| Matèries: | |
| Etiquetes: |
Afegir etiqueta
Sense etiquetes, Sigues el primer a etiquetar aquest registre!
|
MARC
| LEADER | 00000nam a22000007a 4500 | ||
|---|---|---|---|
| 003 | CL-VaPUC | ||
| 005 | 20220822114622.0 | ||
| 008 | 220714t2006 ||||| |||| 00| 0 eng d | ||
| 999 | |c 437034 |d 437032 | ||
| 020 | |a 84-96347-80-X | ||
| 040 | |c Pontificia Universidad Católica de Valparaíso | ||
| 082 | 7 | |a 343.071 FEN 2006 |2 22 | |
| 100 | 0 | |a Fenoy Picón, Nieves |e autor |9 426159 | |
| 245 | 1 | 3 | |a El sistema de protección del comprador. |
| 260 | |a Madrid, España: |b Fundación Registral, |c 2006. | ||
| 300 | |a 335 páginas. | ||
| 490 | |a Cuadernos de Derecho Registral. | ||
| 500 | |a c.1 Donación Familia Prof. Alejandro Guzmán Brito. | ||
| 583 | |a last modification |c 19990319 00:00:00 |k Cristina María Rojas Aguilar | ||
| 650 | |a Consumidores |x Protección |z España |9 873086 | ||
| 650 | |a Compraventa |z España |9 873087 | ||
| 700 | |a Morales Moreno, Antonio Manuel |e prólogo |9 872910 | ||
| 942 | |c BK |2 ddc |n 0 | ||
| 952 | |0 0 |1 0 |2 ddc |4 0 |6 343_071000000000000_FEN_2006 |7 1 |8 C_AGB |9 584773 |a BIBDER |b BIBDER |d 2022-07-14 |e Donación |i 5652930 |o 343.071 FEN 2006 |p 5652930 |r 2023-01-25 |t 1 |w 2022-07-14 |y BK_US |k AGB | ||